Every Non DLC Dark Souls 3 Boss - Statistics

General Stats
  • This quiz has been taken 35 times
  • The average score is 15 of 19
Answer Stats
Hint Answer % Correct
Cemetery of Ash Iudex Gundyr
94%
Untended Graves Champion Gundyr
89%
Archdragon Peak Nameless King
89%
Kiln of the First Flame Soul of Cinder
89%
Road of Sacrifices Crystal Sage
83%
High wall of Lothric Dancer of the Boreal Valley
83%
Catacombs of Carthus High Lord Wolnir
83%
Farron Keep Abyss Watchers
78%
Grand Archives Lothric, Younger Prince/ Lorian Elder Prince
78%
Smouldering Lake Old Demon King
78%
Profaned Capital Yhorm the Giant
78%
Archdragon Peak Ancient Wyvern
72%
Undead Settlement Curse Rotted Greatwood
72%
Cathedral of the Deep Deacons of the Deep
72%
High Wall of Lothric Vordt of the Boreal Valley
72%
Consumed King's Garden Oceiros, the Consumed King
67%
Irithyll of the Boreal Valley Pontiff Sulyvahn
67%
Anor Londo Aldrich, Devourer of Gods
61%
Lothric Castle Dragonslayer Armour
56%
No matching quizzes found
Score Distribution
Percent of People with Each Score
Percentile by Number Answered
Your Score History
You have not taken this quiz